Основы сетевой безопасности: криптографические алгоритмы и протоколы взаимодействия: курс лекций; учебное пособие

书目详细资料
主要作者: Лапонина О. Р. Ольга Робертовна
企业作者: Интернет-Университет информационных технологий
其他作者: Сухомлин В. А. (редактор)
总结:Курс предполагает изучение методологических и алгоритмических основ, стандартов, а также механизмов и сервисов безопасности компьютерных сетей. Рекомендовано УМО в области прикладной информатики для студентов высших учебных заведений, обучающихся по специальности 510200 «Прикладная математика и информатика»
语言:俄语
出版: Москва, Интернет-Университет информационных технологий, 2005
丛编:Основы информационных технологий
主题:
格式: 图书
KOHA link:https://koha.lib.tpu.ru/cgi-bin/koha/opac-detail.pl?biblionumber=95901

MARC

LEADER 00000nam0a2200000 4500
001 95901
005 20231101214033.0
010 |a 5955600205  |b (в пер.)  |b 2000 экз. 
021 |a RU  |b 05-26368  |9 05-1330 
035 |a (RuTPU)RU\TPU\book\102665 
090 |a 95901 
100 |a 20060504d2005 m y0rusy5002 ca 
101 0 |a rus 
102 |a RU 
105 |a a j 001zy 
200 1 |a Основы сетевой безопасности: криптографические алгоритмы и протоколы взаимодействия  |e курс лекций  |e учебное пособие  |f О. Р. Лапонина  |g Интернет-Университет информационных технологий; под ред. В. А. Сухомлина 
210 |a Москва  |c Интернет-Университет информационных технологий  |d 2005 
215 |a 605 с.  |c ил. 
225 1 |a Основы информационных технологий 
320 |a Библиогр.: с. 604-605. 
320 |a Словарь терминов: с. 599-603. 
330 |a Курс предполагает изучение методологических и алгоритмических основ, стандартов, а также механизмов и сервисов безопасности компьютерных сетей. Рекомендовано УМО в области прикладной информатики для студентов высших учебных заведений, обучающихся по специальности 510200 «Прикладная математика и информатика» 
610 1 |a сетевая безопасность 
610 1 |a криптография 
610 1 |a симметричное шифрование 
610 1 |a хэш-функции 
610 1 |a сообщения 
610 1 |a аутентификация 
610 1 |a персональные компьютеры 
610 1 |a безопасность 
610 1 |a безопасное сетевое взаимодействие 
610 1 |a лекции 
610 1 |a учебные пособия 
675 |a 681.3.067(075.8)  |v 3 
700 1 |a Лапонина  |b О. Р.  |g Ольга Робертовна 
702 1 |a Сухомлин  |b В. А.  |4 340 
712 0 2 |a Интернет-Университет информационных технологий  |2 stltpush  |3 (RuTPU)RU\TPU\col\7742  |9 24375 
801 0 |a RU  |b RKP  |c 20050526  |g PSBO 
801 1 |a RU  |b 63413507  |c 20060504  |g PSBO 
801 2 |a RU  |b 63413507  |c 20141203  |g PSBO 
900 |a Прикладная математика 
900 |a Информатика 
942 |c BK 
951 |b 010501